100 Biggest Cities of the Midwestern United States in 1950 with a Map - Statistics

General Stats
  • This quiz has been taken 140 times
  • The average score is 58 of 100
Answers on the Map
Answers color-coded by a green-red scale on the quiz's map according to % correct below.
 
Answer Stats
Population State Cities % Correct
1,849,568 MI Detroit
100%
3,620,962 IL Chicago
98%
427,173 IN Indianapolis
98%
914,808 OH Cleveland
97%
503,998 OH Cincinnati
96%
375,901 OH Columbus
96%
456,622 MO Kansas City
96%
129,553 KS Kansas City
96%
521,718 MN Minneapolis
96%
856,796 MO St. Louis
96%
637,392 WI Milwaukee
95%
311,349 MN Saint Paul
95%
177,965 IA Des Moines
93%
251,117 NE Omaha
91%
96,056 WI Madison
89%
81,628 IL Springfield
89%
78,508 OH Springfield
89%
66,731 MO Springfield
89%
38,256 ND Fargo
88%
303,616 OH Toledo
88%
104,511 MN Duluth
86%
98,884 NE Lincoln
86%
274,605 OH Akron
85%
133,911 IN Gary
85%
78,791 KS Topeka
85%
52,735 WI Green Bay
84%
176,515 MI Grand Rapids
83%
52,696 SD Sioux Falls
83%
168,279 KS Wichita
83%
243,872 OH Dayton
82%
92,129 MI Lansing
82%
48,251 MI Ann Arbor
77%
133,607 IN Fort Wayne
76%
115,911 IN South Bend
75%
72,296 IA Cedar Rapids
74%
163,143 MI Flint
74%
83,991 IA Sioux City
73%
111,856 IL Peoria
71%
74,549 IA Davenport
70%
92,927 IL Rockford
70%
128,636 IN Evansville
68%
57,704 MI Kalamazoo
66%
51,601 IL Joliet
63%
54,368 WI Kenosha
63%
50,576 IL Aurora
61%
168,330 OH Youngstown
61%
92,918 MI Saginaw
59%
82,295 IL East St. Louis
56%
78,588 MO St. Joseph
56%
49,671 IA Dubuque
55%
116,912 OH Canton
54%
36,963 MO Independence
54%
39,563 IL Champaign
53%
94,994 MI Dearborn
53%
73,641 IL Evanston
52%
41,084 WI Oshkosh
51%
47,535 WI La Crosse
50%
38,711 MO Joplin
48%
52,523 MI Bay City
47%
64,214 IN Terre Haute
47%
49,856 OH Warren
47%
71,193 WI Racine
46%
38,946 IL Waukegan
44%
44,223 IL Elgin
43%
45,429 IA Council Bluffs
42%
42,365 WI Sheboygan
41%
65,198 IA Waterloo
41%
48,666 MI Battle Creek
40%
87,594 IN Hammond
40%
66,269 IL Decatur
38%
48,429 MI Muskegon
38%
73,681 MI Pontiac
38%
37,397 IL Moline
37%
48,710 IL Rock Island
37%
54,263 IN East Chicago
36%
50,246 OH Lima
36%
41,450 IL Quincy
36%
67,544 IL Cicero
35%
57,951 OH Hamilton
32%
51,088 MI Jackson
32%
40,517 OH Zanesville
32%
58,479 IN Muncie
31%
38,672 IN Kokomo
29%
51,202 OH Lorain
28%
63,529 IL Oak Park
27%
46,820 IN Anderson
26%
43,564 OH Mansfield
24%
42,959 WI West Allis
24%
59,141 OH Cleveland Heights
22%
40,047 OH East Cleveland
22%
37,864 IL Danville
21%
39,539 IN Richmond
21%
46,393 MI Highland Park
20%
51,280 IL Berwyn
18%
43,355 MI Hamtramck
18%
68,071 OH Lakewood
18%
41,396 OH Euclid
16%
46,898 MI Royal Oak
15%
39,892 MO University City
10%
36,846 MI Wyandotte
9%
No matching quizzes found
Score Distribution
Percent of People with Each Score
Percentile by Number Answered
Your Score History
You have not taken this quiz